Happy Secrets to an Obedient Life : (Record no. 6430)

MARC details
000 -LEADER
fixed length control field 00668nam a22001937a 4500
003 - CONTROL NUMBER IDENTIFIER
control field OSt
005 - DATE AND TIME OF LATEST TRANSACTION
control field 20251127095222.0
008 - FIXED-LENGTH DATA ELEMENTS--GENERAL INFORMATION
fixed length control field 251127b |||||||| |||| 00| 0 eng d
020 ## - INTERNATIONAL STANDARD BOOK NUMBER
International Standard Book Number 971-92613-6-6
040 ## - CATALOGING SOURCE
Original cataloging agency DWCL - Main
Transcribing agency OC
082 ## - DEWEY DECIMAL CLASSIFICATION NUMBER
Classification number Prof. 220.1 G613h 2006
100 ## - MAIN ENTRY--PERSONAL NAME
Personal name Gogna, Arun
245 ## - TITLE STATEMENT
Title Happy Secrets to an Obedient Life :
Remainder of title 10 ways to have joy beyond your wildest dreams /
Statement of responsibility, etc. Arun Gogna
260 ## - PUBLICATION, DISTRIBUTION, ETC.
Place of publication, distribution, etc. Quezon City, Philippines :
Name of publisher, distributor, etc. Shepherd's Voice Publication, Inc.,
Date of publication, distribution, etc. c2006.
300 ## - PHYSICAL DESCRIPTION
Extent 117 pages;
Other physical details illustrations;
Dimensions 21 cm
501 ## - WITH NOTE
With note Includes bibliographical references.
650 ## - SUBJECT ADDED ENTRY--TOPICAL TERM
Topical term or geographic name entry element 1. Bible - inspiration
942 ## - ADDED ENTRY ELEMENTS (KOHA)
Source of classification or shelving scheme Dewey Decimal Classification
Koha item type Professional Collections
Call number suffix Prof.
Suppress in OPAC No
952 ## - LOCATION AND ITEM INFORMATION (KOHA)
--
Holdings
Withdrawn status Lost status Source of classification or shelving scheme Damaged status Not for loan Home library Current library Date acquired Source of acquisition Cost, normal purchase price Total Checkouts Full call number Barcode Date last seen Copy number Cost, replacement price Price effective from Koha item type Uniform Resource Identifier
    Dewey Decimal Classification     Junior High School Library Junior High School Library 03/09/2023 Library Fund 220.00   Prof. 220.1 G613h 2006 JHS - 21091 11/27/2025 c1 220.00 11/27/2025 PROF.